Business mathematics /
This book is about: Using the electronic calculator; Fundamentals; Fractions; ...
সংরক্ষণ করুন:
| প্রধান লেখক: | |
|---|---|
| বিন্যাস: | গ্রন্থ |
| ভাষা: | English |
| প্রকাশিত: |
Albany, N.Y. :
Delmar,
1995.
|
| সংস্করন: | 3rd ed. |
| বিষয়গুলি: | |
| ট্যাগগুলো: |
ট্যাগ যুক্ত করুন
কোনো ট্যাগ নেই, প্রথমজন হিসাবে ট্যাগ করুন!
|
| Thư viện lưu trữ: | Mạng thư viện Đại học Đà Nẵng |
|---|
| LEADER | 00933cam a2200349 i 4500 | ||
|---|---|---|---|
| 001 | 000049288 | ||
| 003 | 9028 | ||
| 005 | 20051111143027.0 | ||
| 008 | 010324b1995 vm 000 eng | ||
| 020 | |a 0827360118 | ||
| 040 | |a IRC |c IRC |d IRC | ||
| 041 | 0 | |a eng | |
| 082 | 1 | 4 | |a 513.93 |b DI-W |
| 100 | 1 | |a Dillon, William M. | |
| 245 | 0 | 0 | |a Business mathematics / |c William M. Dillon. |
| 250 | |a 3rd ed. | ||
| 260 | |a Albany, N.Y. : |b Delmar, |c 1995. | ||
| 300 | |a x, 484 p. : |b ill. ; |c 28cm. | ||
| 520 | 3 | |a This book is about: Using the electronic calculator; Fundamentals; Fractions; ... | |
| 630 | 0 | 4 | |a Mathematics. |
| 630 | 0 | 4 | |a Business mathematics. |
| 650 | 0 | 4 | |a Business mathematics. |
| OWN | |a DUT | ||
| 999 | |a From the UDN01 | ||
| TYP | |a Monograph | ||
| TYP | |a Printed language | ||
| 980 | |a Mạng thư viện Đại học Đà Nẵng | ||


